I 5 Sensi - Statistics

Statistiche generali
  • Questo quiz è stato fatto 91 volte
  • Il punteggio medio è 5 su 5
Statistiche sulle risposte
Sensi % Corretto
Tatto
100%
Udito
98%
Gusto
95%
Olfatto
95%
Vista
95%
Nessun quiz corrispondente trovato
Distribuzione punteggi
Percentuale di utenti per punteggio
Percentile per numero di risposta
I tuoi punteggi nel tempo
Non hai fatto questo quiz